[Event "Hilton Open 2011"]
[Site "Basel"]
[Date "2011.01.04"]
[Round "6"]
[White "Eschbach, Dennis"]
[Black "Senn, Roland"]
[Result "1-0"]
[WhiteElo "2416"]
[BlackElo "2068"]
[PlyCount "57"]
[EventDate "2011.01.??"]
[EventType "swiss"]
[EventRounds "7"]
[EventCategory "1"]
[SourceDate "2011.01.02"]

1. e4 e6 2. d4 d5 3. Nd2 Be7 4. Ngf3 Nf6 5. e5 Nfd7 6. Bd3 c5 7. c3 Nc6 8. O-O
g5 9. dxc5 Ndxe5 10. Nxe5 Nxe5 11. Bb5+ Bd7 12. Bxd7+ Qxd7 13. b4 Ng6 14. Nb3
b6 15. Be3 bxc5 16. Nxc5 Qc7 17. Qa4+ Kf8 18. Rac1 Kg7 19. c4 dxc4 20. Rxc4
Bxc5 21. Rxc5 Qb7 22. Rxg5 Rhd8 23. b5 Rd7 24. h4 f6 25. Rc5 Rad8 26. Rc6 Rd5
27. Rb1 R8d6 28. Rxd6 Rxd6 29. Qxa7 1-0

[Event "Hilton Open 2011"]
[Site "Basel"]
[Date "2011.01.04"]
[Round "6"]
[White "Filipovic, Branko"]
[Black "Alfred, Nathan"]
[Result "1-0"]
[WhiteElo "2413"]
[BlackElo "2268"]
[PlyCount "91"]
[EventDate "2011.01.??"]
[EventType "swiss"]
[EventRounds "7"]
[EventCategory "1"]
[SourceDate "2011.01.02"]

1. e4 e6 2. d3 c5 3. g3 Nc6 4. Bg2 g6 5. f4 Bg7 6. Nf3 Nge7 7. O-O d6 8. c3 O-O
9. Be3 Rb8 10. d4 b6 11. Na3 Ba6 12. Re1 cxd4 13. cxd4 d5 14. e5 b5 15. Nc2 b4
16. b3 Qb6 17. Qd2 Rfc8 18. Rec1 Bf8 19. g4 Rc7 20. Bf2 Na5 21. Ne3 Rbc8 22.
Rxc7 Qxc7 23. Be1 Nac6 24. Bh4 Bb7 25. Rd1 a5 26. f5 Na7 27. fxe6 fxe6 28. Ng5
Qd7 29. Qf2 Nec6 30. Nxe6 Nxe5 31. Nd8 Rxd8 32. dxe5 Bc5 33. Bxd8 Qxd8 34.
Bxd5+ Bxd5 35. Rxd5 Qxd5 36. Nxd5 Bxf2+ 37. Kxf2 Nc6 38. e6 Ne5 39. g5 Nd3+ 40.
Ke3 Nc1 41. Kd4 Nxa2 42. Kc5 Nc3 43. Nf6+ Kf8 44. Kd6 Nb5+ 45. Kd7 Nc7 46.
Nxh7+ 1-0

[Event "Hilton Open 2011"]
[Site "Basel"]
[Date "2011.01.04"]
[Round "6"]
[White "Graeber, Fabien"]
[Black "Milosevic, Goran"]
[Result "0-1"]
[WhiteElo "2086"]
[BlackElo "2357"]
[PlyCount "94"]
[EventDate "2011.01.??"]
[EventType "swiss"]
[EventRounds "7"]
[EventCategory "1"]
[SourceDate "2011.01.02"]

1. c4 c5 2. Nf3 Nf6 3. d4 cxd4 4. Nxd4 e6 5. Nc3 a6 6. g3 Qc7 7. e4 d6 8. Qe2
b6 9. Bg2 Bb7 10. O-O Nbd7 11. Bd2 Rc8 12. b3 Be7 13. Rac1 O-O 14. Rfd1 Qb8 15.
Be3 Rfe8 16. Kh1 Qa8 17. f3 Bf8 18. Bg1 g6 19. Qe3 Qb8 20. Re1 Nh5 21. g4 Nhf6
22. Bf2 Qa8 23. Bg3 e5 24. Nde2 b5 25. g5 Nh5 26. Bh3 Bc6 27. Nd5 bxc4 28. Nec3
cxb3 29. Bxd7 Bxd7 30. Nb6 Qb7 31. Nxc8 b2 32. Rb1 Rxc8 33. Qd2 Qb4 34. Re3 Be7
35. Rxb2 Qc4 36. Qe2 Qe6 37. Qg2 Bxg5 38. Rd3 Bb5 39. Rxb5 axb5 40. Qf1 Bd2 41.
Rxd2 Rxc3 42. Kg2 Qf6 43. Rf2 Rc5 44. Rb2 Qg5 45. Qd1 d5 46. exd5 Rxd5 47. Qc2
Rd3 0-1

[Event "Hilton Open 2011"]
[Site "Basel"]
[Date "2011.01.04"]
[Round "6"]
[White "Suter, Stephan"]
[Black "Sand, Rolf"]
[Result "1/2-1/2"]
[WhiteElo "2052"]
[BlackElo "2033"]
[PlyCount "121"]
[EventDate "2011.01.??"]
[EventType "swiss"]
[EventRounds "7"]
[EventCategory "1"]
[SourceDate "2011.01.02"]

1. Nf3 c5 2. b3 Nc6 3. Bb2 d6 4. c4 e5 5. Nc3 g6 6. e3 Bg7 7. Be2 Nge7 8. O-O
O-O 9. a3 h6 10. Qc2 Be6 11. Rfd1 d5 12. cxd5 Nxd5 13. Nxd5 Bxd5 14. d3 Rc8 15.
Rac1 b6 16. Nd2 Qd7 17. Qb1 Rfe8 18. Bf3 Rcd8 19. Qc2 Rc8 20. Bxd5 Qxd5 21. Bc3
Rcd8 22. Nc4 Qd7 23. Qb2 Qf5 24. e4 Qe6 25. Ne3 h5 26. Nd5 Ne7 27. Nc7 Qd6 28.
Nxe8 Rxe8 29. f4 Nc6 30. Rc2 Bh6 31. fxe5 Be3+ 32. Kh1 Nxe5 33. Bxe5 Rxe5 34.
Qb1 h4 35. b4 cxb4 36. axb4 Rb5 37. Rc4 a5 38. Rf1 Rxb4 39. Rxb4 Qxb4 40. Qxb4
axb4 41. Rb1 Bc5 42. g4 h3 43. Rb3 Kg7 44. d4 Bxd4 45. Rxh3 Kf6 46. Kg2 Ke5 47.
Rb3 Bc3 48. Kf3 Kd4 49. h4 Kd3 50. h5 gxh5 51. gxh5 Kc4 52. Rb1 Kd3 53. Rd1+
Kc2 54. Rd6 b3 55. Rxb6 b2 56. Kg4 Bg7 57. Kf5 b1=Q 58. Rxb1 Kxb1 59. e5 Kc2
60. e6 fxe6+ 61. Kxe6 1/2-1/2

[Event "Hilton Open 2011"]
[Site "Basel"]
[Date "2011.01.04"]
[Round "6"]
[White "Hamdouchi, Hichem"]
[Black "Mirzoev, Azer"]
[Result "1/2-1/2"]
[WhiteElo "2592"]
[BlackElo "2563"]
[PlyCount "125"]
[EventDate "2011.01.??"]
[EventType "swiss"]
[EventRounds "7"]
[EventCategory "1"]
[SourceDate "2011.01.02"]

1. e4 e5 2. Bc4 Nc6 3. Nf3 Bc5 4. O-O Nf6 5. d4 Bxd4 6. Nxd4 Nxd4 7. f4 d6 8.
Bd3 h6 9. Qe1 Nc6 10. Nc3 exf4 11. Bxf4 Nh5 12. Be3 Ne5 13. Be2 Bg4 14. Bd4
Bxe2 15. Qxe2 Nf6 16. Bxe5 dxe5 17. Qb5+ c6 18. Qxe5+ Qe7 19. Rf5 Rd8 20. Raf1
Qxe5 21. Rxe5+ Kd7 22. Ra5 Ke6 23. Rxa7 Rb8 24. Rd1 Rhd8 25. Rxd8 Rxd8 26. Rxb7
Rd2 27. h3 Rxc2 28. a4 Nd7 29. a5 Rc1+ 30. Kf2 Ra1 31. Ra7 Ne5 32. Ra8 Nc4 33.
a6 Nb6 34. Ra7 Nd7 35. Ke3 Nb8 36. Ne2 Nxa6 37. Nd4+ Kd6 38. Rxf7 Nc5 39. Rxg7
Re1+ 40. Kd2 Rxe4 41. Rg6+ Kd5 42. Nxc6 h5 43. b4 Ne6 44. b5 Kc5 45. g3 h4 46.
gxh4 Nf4 47. Rg5+ Kb6 48. h5 Re2+ 49. Kd1 Rh2 50. Ne7 Nxh3 51. Rf5 Nf2+ 52. Ke2
Ne4+ 53. Kf3 Nd6 54. Rg5 Nxb5 55. Nf5 Nc3 56. h6 Kc6 57. Rg2 Rh1 58. Kg4 Ne4
59. Ra2 Kd5 60. Ra5+ Ke6 61. Ng7+ Kf7 62. Nf5 Nf6+ 63. Kg3 1/2-1/2

[Event "Hilton Open 2011"]
[Site "Basel"]
[Date "2011.01.04"]
[Round "6"]
[White "Liepold, Stefan"]
[Black "Stojanovic, Mihajlo"]
[Result "0-1"]
[WhiteElo "2254"]
[BlackElo "2572"]
[PlyCount "168"]
[EventDate "2011.01.??"]
[EventType "swiss"]
[EventRounds "7"]
[EventCategory "1"]
[SourceDate "2011.01.02"]

1. e4 e6 2. d4 d5 3. e5 c5 4. c3 Nc6 5. Nf3 Bd7 6. Be2 Nge7 7. Na3 cxd4 8. cxd4
Nf5 9. Nc2 Qa5+ 10. Bd2 Qb6 11. Bc3 Be7 12. O-O a5 13. a4 Nb4 14. Na3 O-O 15.
Nb5 f6 16. Qd2 fxe5 17. Nxe5 Be8 18. Rae1 Nc6 19. Nf3 Bh5 20. Ng5 Bxg5 21. Qxg5
Bxe2 22. Rxe2 Rf6 23. Qd2 Rg6 24. Kh1 Rf8 25. b4 axb4 26. Bxb4 Rff6 27. Bc5 Qa6
28. Rfe1 Qxa4 29. Nc7 Nfxd4 30. Nxd5 Nxe2 31. Nxf6+ Rxf6 32. Qxe2 Qb3 33. f3
Rf5 34. Bd6 Kf7 35. Bg3 h6 36. Qe4 Qd5 37. Rb1 Qd7 38. h3 Rd5 39. Kh2 Rd1 40.
Qf4+ Kg8 41. Rb2 Qe7 42. Qc4 Rd4 43. Qa2 Kf7 44. Qa8 Rd7 45. Rb1 Nd4 46. Be5
Nc6 47. Bg3 Nd4 48. Be5 Nxf3+ 49. gxf3 Qc5 50. Kh1 Qxe5 51. Rxb7 Rxb7 52. Qxb7+
Kf6 53. Kg2 h5 54. Qa8 Qe2+ 55. Kg1 Qe1+ 56. Kg2 Qd2+ 57. Kf1 Kg5 58. Qe4 Qd5
59. h4+ Kf6 60. Qf4+ Kg6 61. Kg2 Qf5 62. Qd4 Kh6 63. Qc4 g5 64. hxg5+ Kxg5 65.
Qd4 Kg6 66. Qh8 Qf6 67. Qe8+ Kg5 68. Qa4 Qf4 69. Qa2 Qf5 70. Qd2+ Kg6 71. Qd4
Qg5+ 72. Kh3 Qd5 73. Qc3 Kf5 74. Qe3 Qc4 75. Qh6 Qf1+ 76. Kg3 h4+ 77. Kh2 Qf2+
78. Kh1 Qxf3+ 79. Kg1 Qg4+ 80. Kh1 Qe4+ 81. Kg1 Qb1+ 82. Kg2 Qb2+ 83. Kh3 Qc3+
84. Kg2 Qf6 0-1

[Event "Hilton Open 2011"]
[Site "Basel"]
[Date "2011.01.04"]
[Round "6"]
[White "Huseyn, Orkhan"]
[Black "Vulevic, Vjekoslav"]
[Result "0-1"]
[WhiteElo "2094"]
[BlackElo "2293"]
[PlyCount "94"]
[EventDate "2011.01.??"]
[EventType "swiss"]
[EventRounds "7"]
[EventCategory "1"]
[SourceDate "2011.01.02"]

1. e4 g6 2. d4 c6 3. Nc3 d5 4. e5 h5 5. Bg5 Qb6 6. Na4 Qa5+ 7. c3 Bh6 8. Bxh6
Nxh6 9. Ne2 Bg4 10. f3 Bf5 11. Nc5 Qc7 12. b4 b6 13. Nb3 Nd7 14. Ng3 Be6 15.
Qd2 Kf8 16. Be2 h4 17. Nf1 f6 18. exf6 exf6 19. Kf2 Kg7 20. Ne3 f5 21. Bd3 f4
22. Nc2 Nf6 23. Nc1 Raf8 24. Re1 Bc8 25. Bf1 h3 26. Nd3 hxg2 27. Bxg2 g5 28.
Ne5 Nf5 29. Rh1 Rh4 30. Rag1 Rfh8 31. Bh3 R8h5 32. Bxf5 Rxh2+ 33. Rxh2 Rxh2+
34. Rg2 Rxg2+ 35. Kxg2 Bxf5 36. Ne1 c5 37. bxc5 bxc5 38. N1d3 cxd4 39. cxd4 Qc8
40. Nc5 Qh8 41. Kg1 Qb8 42. Qg2 Qb1+ 43. Kh2 Nh7 44. Nc6 g4 45. Qe2 g3+ 46. Kg2
Kh6 47. Ne6 Bd3 0-1

[Event "Hilton Open 2011"]
[Site "Basel"]
[Date "2011.01.02"]
[Round "3"]
[White "Bacrot, Nathalie"]
[Black "Toth, Bela"]
[Result "1/2-1/2"]
[WhiteElo "2114"]
[BlackElo "2347"]
[PlyCount "111"]
[EventDate "2011.01.??"]
[EventType "swiss"]
[EventRounds "7"]
[EventCategory "1"]
[SourceDate "2011.01.02"]

1. Nf3 Nf6 2. g3 d5 3. Bg2 c6 4. d3 Bf5 5. Nbd2 Nbd7 6. c4 e6 7. O-O h6 8. b3
Be7 9. Bb2 O-O 10. Qc2 Bh7 11. Rad1 a5 12. e4 Qb6 13. e5 Ne8 14. Rfe1 Nc7 15.
Rc1 Na6 16. a3 Rfb8 17. Qc3 Ndc5 18. Bf1 Qd8 19. d4 Ne4 20. Nxe4 Bxe4 21. Nd2
Bg6 22. Bd3 Bxd3 23. Qxd3 Qf8 24. cxd5 cxd5 25. Nb1 Qe8 26. Rc2 Rc8 27. Rec1
Qd7 28. Nc3 Bd8 29. Nb5 Rxc2 30. Rxc2 Rc8 31. Rxc8 Qxc8 32. Nd6 Qd7 33. Qb5
Qxb5 34. Nxb5 Be7 35. Kf1 Kf8 36. Ke2 Ke8 37. Kd3 Kd7 38. Bc3 b6 39. Bb2 Nb8
40. Bc1 Nc6 41. Bd2 h5 42. h3 f6 43. f4 fxe5 44. fxe5 Nd8 45. Ke2 Nf7 46. Be3
Bg5 47. Nc3 Kc6 48. Kf3 b5 49. a4 bxa4 50. bxa4 Be7 51. Nb5 Bb4 52. g4 hxg4+
53. Kxg4 g6 54. Bc1 Kd7 55. Bg5 Be1 56. Be3 1/2-1/2

[Event "Hilton Open 2011"]
[Site "Basel"]
[Date "2011.01.02"]
[Round "3"]
[White "Zozulia, Anna"]
[Black "Graeber, Fabien"]
[Result "1-0"]
[WhiteElo "2347"]
[BlackElo "2086"]
[PlyCount "59"]
[EventDate "2011.01.??"]
[EventType "swiss"]
[EventRounds "7"]
[EventCategory "1"]
[SourceDate "2011.01.02"]

1. e4 e6 2. d4 d5 3. Nd2 Nf6 4. e5 Nfd7 5. c3 c5 6. f4 Nc6 7. Ndf3 f6 8. Bd3
cxd4 9. cxd4 a5 10. Ne2 f5 11. O-O Nb6 12. Nc3 Bd7 13. Kh1 Be7 14. Be3 a4 15.
Rc1 Na5 16. Qe2 Nbc4 17. Rc2 O-O 18. Nd2 b5 19. Nd1 Qb6 20. Bg1 Rfc8 21. g4
Nxd2 22. Rxd2 Bb4 23. Rc2 Rxc2 24. Bxc2 g6 25. gxf5 exf5 26. Ne3 Be6 27. Qg2
Qxd4 28. Nxf5 Qd2 29. Rf2 Qc1 30. Nd4 1-0

[Event "Hilton Open 2011"]
[Site "Basel"]
[Date "2011.01.02"]
[Round "3"]
[White "Staechelin, Ruedi"]
[Black "Seitz, Benjamin"]
[Result "0-1"]
[WhiteElo "2129"]
[BlackElo "2084"]
[PlyCount "78"]
[EventDate "2011.01.??"]
[EventType "swiss"]
[EventRounds "7"]
[EventCategory "1"]
[SourceDate "2011.01.02"]

1. e4 e6 2. d4 d5 3. Nd2 dxe4 4. Nxe4 Bd7 5. Nf3 Bc6 6. Bd3 Nd7 7. c3 Ngf6 8.
Nxf6+ Nxf6 9. O-O Be7 10. Re1 Nd7 11. Bf4 O-O 12. Qe2 Bd6 13. Ne5 Nxe5 14. dxe5
Be7 15. Rad1 Qc8 16. Qh5 g6 17. Qh6 Re8 18. h4 Bf8 19. Qg5 h5 20. Bxg6 fxg6 21.
Qxg6+ Bg7 22. Bg5 Rf8 23. Bf6 Rf7 24. Rd8+ Qxd8 25. Bxd8 Rxd8 26. Qxh5 Rd2 27.
f3 Rxb2 28. Rd1 Bf8 29. Qg6+ Rg7 30. Qxe6+ Kh8 31. Qh6+ Kg8 32. Qe6+ Kh8 33.
Rd2 Rxd2 34. Qh6+ Kg8 35. Qxd2 Bxf3 36. Qf4 Bxg2 37. Kh2 Bd5 38. a4 Bc5 39. Qf5
Bg1+ 0-1

[Event "Hilton Open 2011"]
[Site "Basel"]
[Date "2011.01.02"]
[Round "3"]
[White "Sand, Rolf"]
[Black "Drazic, Sinisa"]
[Result "0-1"]
[WhiteElo "2033"]
[BlackElo "2487"]
[PlyCount "58"]
[EventDate "2011.01.??"]
[EventType "swiss"]
[EventRounds "7"]
[EventCategory "1"]
[SourceDate "2011.01.02"]

1. e4 c5 2. Nf3 h6 3. d4 cxd4 4. Nxd4 Nf6 5. Nc3 e5 6. Ndb5 d6 7. a4 Be6 8. Be2
a6 9. Na3 Qc7 10. O-O Nbd7 11. Nd5 Bxd5 12. exd5 Be7 13. c4 O-O 14. Be3 Rfc8
15. Rc1 Qd8 16. Nb1 a5 17. Nc3 Nf8 18. Bd3 N6d7 19. Nb5 Ra6 20. Qg4 Bg5 21. g3
Nf6 22. Qe2 Bxe3 23. Qxe3 Qd7 24. f4 Re8 25. fxe5 Rxe5 26. Qd4 Qd8 27. Rf5 N8d7
28. Rxe5 Nxe5 29. Bf5 Nf3+ 0-1

[Event "Hilton Open 2011"]
[Site "Basel"]
[Date "2011.01.02"]
[Round "3"]
[White "Sperzel, Bernd"]
[Black "Ditzler, Juerg"]
[Result "0-1"]
[WhiteElo "2002"]
[BlackElo "2067"]
[PlyCount "68"]
[EventDate "2011.01.??"]
[EventType "swiss"]
[EventRounds "7"]
[EventCategory "1"]
[SourceDate "2011.01.02"]

1. d4 g6 2. e4 Bg7 3. Nf3 d6 4. c4 Bg4 5. Be3 Nc6 6. Nc3 Bxf3 7. gxf3 e5 8. d5
Nd4 9. Nb5 c5 10. Nxd4 cxd4 11. Bd2 Nf6 12. b4 O-O 13. Qb3 Nh5 14. h4 Nf4 15.
Bxf4 exf4 16. Bd3 a5 17. a3 axb4 18. Qxb4 Qc7 19. Ke2 h5 20. Rab1 Bf6 21. Bc2
b5 22. Bd3 bxc4 23. Bxc4 Rfb8 24. Bb5 Rxa3 25. Rhc1 Rc3 26. Kd2 Rxc1 27. Rxc1
Qb7 28. Rc6 Bxh4 29. e5 Kg7 30. Qxd4 Qxb5 31. e6+ Bf6 32. Qe4 Qb2+ 33. Rc2 Qe5
34. Rc7 Rf8 0-1

[Event "Hilton Open 2011"]
[Site "Basel"]
[Date "2011.01.02"]
[Round "3"]
[White "Meier, Franz"]
[Black "Speck, Hans"]
[Result "1/2-1/2"]
[WhiteElo "2003"]
[BlackElo "2050"]
[PlyCount "79"]
[EventDate "2011.01.??"]
[EventType "swiss"]
[EventRounds "7"]
[EventCategory "1"]
[SourceDate "2011.01.02"]

1. e4 Nf6 2. e5 Nd5 3. d4 d6 4. c4 Nb6 5. f4 dxe5 6. fxe5 Nc6 7. Be3 Bf5 8. Nc3
e6 9. Nf3 Bg4 10. Be2 Bxf3 11. gxf3 Qh4+ 12. Bf2 Qf4 13. c5 Nd7 14. Qc1 Qxc1+
15. Rxc1 O-O-O 16. Ne4 h6 17. h4 Ndb8 18. Rd1 b6 19. f4 Nb4 20. a3 Nc2+ 21. Kf1
Nc6 22. cxb6 axb6 23. d5 exd5 24. Nc3 d4 25. Ne4 Ne3+ 26. Bxe3 dxe3 27. Ba6+
Kb8 28. Rxd8+ Nxd8 29. Ke2 Ne6 30. Kxe3 f5 31. exf6 gxf6 32. Bc4 Nc5 33. Rd1
Nb7 34. Rd7 f5 35. Ng3 Bc5+ 36. Kf3 Nd6 37. Bd3 Kc8 38. Rg7 Bd4 39. Rg6 Bxb2
40. a4 1/2-1/2

[Event "Hilton Open 2011"]
[Site "Basel"]
[Date "2011.01.02"]
[Round "3"]
[White "Moser, Guido"]
[Black "Aerni, Andi"]
[Result "0-1"]
[WhiteElo "2007"]
[BlackElo "2182"]
[PlyCount "94"]
[EventDate "2011.01.??"]
[EventType "swiss"]
[EventRounds "7"]
[EventCategory "1"]
[SourceDate "2011.01.02"]

1. d4 d5 2. Nf3 Nf6 3. e3 e6 4. Bd3 Be7 5. Nbd2 O-O 6. O-O Nbd7 7. e4 dxe4 8.
Nxe4 Nxe4 9. Bxe4 Nf6 10. Bd3 b6 11. Qe2 Bb7 12. c3 c5 13. dxc5 Bxc5 14. Bg5
Be7 15. Rad1 Qc7 16. Bh4 Rad8 17. Bg3 Qc6 18. Bb5 Qe4 19. Qxe4 Nxe4 20. Bc7
Rxd1 21. Rxd1 Bf6 22. Be5 a6 23. Bxf6 Nxf6 24. Be2 Nd5 25. g3 b5 26. a4 bxa4
27. c4 Nf6 28. Ne5 h6 29. c5 Rc8 30. Rc1 Rc7 31. c6 Bc8 32. Bf3 Kf8 33. Rd1 Ke7
34. Rd4 Nd5 35. Kf1 f6 36. Ng6+ Kd6 37. Nf4 Rxc6 38. Nxd5 Rc1+ 39. Kg2 exd5 40.
Rxd5+ Kc7 41. Rd2 Bb7 42. Bxb7 Kxb7 43. Kf3 Kc6 44. Ke4 Kc5 45. Rd8 Rb1 46. Rb8
Kc4 47. Ke3 Rd1 0-1

[Event "Hilton Open 2011"]
[Site "Basel"]
[Date "2011.01.02"]
[Round "3"]
[White "Haener, Philippe"]
[Black "Gervasoni, Pietro"]
[Result "1-0"]
[WhiteElo "2180"]
[BlackElo "1980"]
[PlyCount "61"]
[EventDate "2011.01.??"]
[EventType "swiss"]
[EventRounds "7"]
[EventCategory "1"]
[SourceDate "2011.01.02"]

1. e4 Nf6 2. e5 Nd5 3. d4 d6 4. Nf3 dxe5 5. Nxe5 c6 6. Bd3 Nd7 7. Nf3 N7f6 8.
h3 g6 9. a3 Bg7 10. c4 Nc7 11. Nc3 O-O 12. O-O Ne6 13. Bc2 Qd6 14. Be3 Rd8 15.
Qd2 Nh5 16. Rad1 Nef4 17. Ne2 Nxe2+ 18. Qxe2 Be6 19. Ng5 Rd7 20. Bb3 c5 21. g4
Ng3 22. fxg3 Qxg3+ 23. Kh1 cxd4 24. Rf3 Qe5 25. Nxe6 Qxe6 26. Qd3 Qc6 27. Bd2
e5 28. Re1 Re8 29. Qe4 f5 30. gxf5 gxf5 31. Rxf5 1-0

[Event "Hilton Open 2011"]
[Site "Basel"]
[Date "2011.01.05"]
[Round "7"]
[White "Bae, Torstein"]
[Black "Schultz, Raphael"]
[Result "1-0"]
[WhiteElo "2411"]
[BlackElo "2107"]
[PlyCount "33"]
[EventDate "2011.01.??"]
[EventType "swiss"]
[EventRounds "7"]
[EventCategory "1"]
[SourceDate "2011.01.02"]

1. e4 d5 2. exd5 Qxd5 3. d4 Nf6 4. Nc3 Qd6 5. Nf3 c6 6. Be3 Bg4 7. h3 Bxf3 8.
Qxf3 g6 9. O-O-O Bg7 10. Bc4 O-O 11. g4 Na6 12. h4 h5 13. gxh5 Nxh5 14. Ne4 Qb4
15. Bb3 Nc7 16. Rhg1 Rad8 17. Rxg6 1-0

[Event "Hilton Open 2011"]
[Site "Basel"]
[Date "2011.01.05"]
[Round "7"]
[White "Bacrot, Etienne"]
[Black "Ovsejevitsch, Sergei"]
[Result "1/2-1/2"]
[WhiteElo "2723"]
[BlackElo "2582"]
[PlyCount "81"]
[EventDate "2011.01.??"]
[EventType "swiss"]
[EventRounds "7"]
[EventCategory "1"]
[SourceDate "2011.01.02"]

1. e4 e5 2. Nf3 Nc6 3. Bb5 a6 4. Ba4 Nf6 5. O-O b5 6. Bb3 Bb7 7. d3 Be7 8. Re1
d6 9. a4 O-O 10. Nbd2 Nd7 11. Nf1 Nc5 12. axb5 axb5 13. Rxa8 Qxa8 14. Bd5 Nd8
15. Bxb7 Qxb7 16. Ng3 Re8 17. c3 Bf8 18. Be3 Nd7 19. Qb3 Ne6 20. d4 exd4 21.
cxd4 c5 22. Qc2 cxd4 23. Nxd4 d5 24. Nxe6 Rxe6 25. exd5 Qxd5 26. Rd1 Qb7 27. h3
Nf6 28. Qb3 Rd6 29. Rxd6 Bxd6 30. Nf5 Bf8 31. Bd4 Ne8 32. Be5 b4 33. Qc4 Qd7
34. Ne3 Qe7 35. Qb5 Nc7 36. Qa5 Ne6 37. Qa8 h6 38. Qc8 Kh7 39. Qc4 Qa7 40. Nf5
Qa1+ 41. Qf1 1/2-1/2

[Event "Hilton Open 2011"]
[Site "Basel"]
[Date "2011.01.05"]
[Round "7"]
[White "Grandadam, Nicolas"]
[Black "Eschbach, Dennis"]
[Result "1-0"]
[WhiteElo "2286"]
[BlackElo "2416"]
[PlyCount "41"]
[EventDate "2011.01.??"]
[EventType "swiss"]
[EventRounds "7"]
[EventCategory "1"]
[SourceDate "2011.01.02"]

1. Nf3 d5 2. d4 Nf6 3. c4 c6 4. Nc3 e6 5. g3 dxc4 6. Bg2 b5 7. Ne5 Nd5 8. a4 b4
9. Ne4 Ba6 10. Ng5 f6 11. Nef7 Qe7 12. Nxh8 fxg5 13. e4 g6 14. exd5 exd5+ 15.
Be3 Bg7 16. O-O Bxh8 17. Re1 Kd8 18. Bd2 Qf6 19. Bxb4 Qxd4 20. Qe2 Bf6 21. Bc3
1-0

[Event "Hilton Open 2011"]
[Site "Basel"]
[Date "2011.01.05"]
[Round "7"]
[White "Speck, Hans"]
[Black "Ditzler, Juerg"]
[Result "1/2-1/2"]
[WhiteElo "2050"]
[BlackElo "2067"]
[PlyCount "26"]
[EventDate "2011.01.??"]
[EventType "swiss"]
[EventRounds "7"]
[EventCategory "1"]
[SourceDate "2011.01.02"]

1. e4 g6 2. d4 Bg7 3. Nf3 d6 4. h3 Nd7 5. Bc4 e6 6. Nc3 Ne7 7. O-O O-O 8. Bg5
h6 9. Be3 d5 10. exd5 Nb6 11. Bd3 Nbxd5 12. Nxd5 Nxd5 13. Bd2 c5 1/2-1/2

[Event "Hilton Open 2011"]
[Site "Basel"]
[Date "2011.01.05"]
[Round "7"]
[White "Moser, Guido"]
[Black "Staechelin, Ruedi"]
[Result "1/2-1/2"]
[WhiteElo "2007"]
[BlackElo "2129"]
[PlyCount "25"]
[EventDate "2011.01.??"]
[EventType "swiss"]
[EventRounds "7"]
[EventCategory "1"]
[SourceDate "2011.01.02"]

1. d4 d5 2. Nf3 Nf6 3. e3 c6 4. Bd3 Bg4 5. Nbd2 Nbd7 6. O-O e5 7. dxe5 Nxe5 8.
Be2 Nxf3+ 9. Bxf3 Bxf3 10. Qxf3 Be7 11. e4 O-O 12. exd5 Qxd5 13. Qxd5 1/2-1/2

[Event "Hilton Open 2011"]
[Site "Basel"]
[Date "2011.01.05"]
[Round "7"]
[White "Abbasov, Farid"]
[Black "Hamdouchi, Hichem"]
[Result "1/2-1/2"]
[WhiteElo "2537"]
[BlackElo "2592"]
[PlyCount "25"]
[EventDate "2011.01.??"]
[EventType "swiss"]
[EventRounds "7"]
[EventCategory "1"]
[SourceDate "2011.01.02"]

1. d4 Nf6 2. Nf3 g6 3. c3 Bg7 4. Bg5 d6 5. Nbd2 h6 6. Bh4 g5 7. Bg3 Nh5 8. e3
e6 9. Bc4 Qe7 10. Ng1 Nxg3 11. hxg3 Nc6 12. Ngf3 Bd7 13. Qe2 1/2-1/2

[Event "Hilton Open 2011"]
[Site "Basel"]
[Date "2011.01.05"]
[Round "7"]
[White "Drazic, Sinisa"]
[Black "Hamdouchi, Adina-Maria"]
[Result "1-0"]
[WhiteElo "2487"]
[BlackElo "2293"]
[PlyCount "115"]
[EventDate "2011.01.??"]
[EventType "swiss"]
[EventRounds "7"]
[EventCategory "1"]
[SourceDate "2011.01.02"]

1. d4 d6 2. Nf3 g6 3. g3 Bg7 4. Bg2 Nd7 5. c4 e5 6. Nc3 exd4 7. Nxd4 Ngf6 8.
O-O O-O 9. b3 Nc5 10. Bb2 Re8 11. Qc2 a5 12. Rfd1 Bd7 13. Rab1 Qe7 14. e3 c6
15. Rbc1 h5 16. Na4 Bg4 17. Re1 Nxa4 18. bxa4 h4 19. h3 Bd7 20. g4 d5 21. Qb3
dxc4 22. Rxc4 Be6 23. Nxe6 Qxe6 24. g5 Nh5 25. Bxg7 Nxg7 26. Rxh4 Qxb3 27. axb3
Ne6 28. Rg4 Rad8 29. Bf1 Nd4 30. Rb1 Nf3+ 31. Kg2 Nd2 32. Rb2 Nxf1 33. Kxf1
Rd1+ 34. Kg2 Re5 35. h4 Kg7 36. Rf4 Red5 37. b4 axb4 38. Rbxb4 b5 39. axb5 cxb5
40. Rf6 R1d2 41. Kg3 Rc5 42. Rb1 Rd7 43. Rb6 Rdd5 44. Rb2 Re5 45. Rb7 Rf5 46.
Ra2 Rc1 47. Kg2 Rc3 48. Rb8 Rc7 49. f4 Rfc5 50. Raa8 f5 51. gxf6+ Kxf6 52. Ra6+
Kf7 53. Rbb6 Re7 54. Rf6+ Ke8 55. Ra8+ Kd7 56. Kf3 Rg7 57. Raa6 b4 58. Rfb6 1-0

[Event "Hilton Open 2011"]
[Site "Basel"]
[Date "2011.01.05"]
[Round "7"]
[White "Malakhatko, Vadim"]
[Black "Lekic, Dusan"]
[Result "1-0"]
[WhiteElo "2563"]
[BlackElo "2389"]
[PlyCount "113"]
[EventDate "2011.01.??"]
[EventType "swiss"]
[EventRounds "7"]
[EventCategory "1"]
[SourceDate "2011.01.02"]

1. d4 d5 2. c4 c6 3. Nc3 Nf6 4. e3 e6 5. Nf3 Nbd7 6. Bd3 dxc4 7. Bxc4 b5 8. Bd3
Bb7 9. a3 Bd6 10. O-O O-O 11. Qc2 Rc8 12. b4 a5 13. Rb1 axb4 14. axb4 Qe7 15.
Qb3 Rfe8 16. h3 e5 17. Ng5 h6 18. Nge4 Nxe4 19. Nxe4 exd4 20. exd4 Nf6 21. Re1
Rcd8 22. Bd2 Bb8 23. Nc5 Qc7 24. g3 Bc8 25. Bf4 Qb6 26. Be5 Nd5 27. h4 Re7 28.
Bc2 Rde8 29. Qd3 g6 30. Qd2 Bxe5 31. Rxe5 Rxe5 32. dxe5 Rxe5 33. Qxh6 Rh5 34.
Qd2 Nxb4 35. Ne4 Nd5 36. Ng5 Qc5 37. Bb3 Qc3 38. Qxc3 Nxc3 39. Ra1 Be6 40. Nxe6
fxe6 41. Bxe6+ Kg7 42. Ra7+ Kf6 43. Bb3 Ne2+ 44. Kg2 Nd4 45. Ba2 b4 46. Bg8 Rh8
47. Bc4 Ke5 48. Rb7 c5 49. Rb6 Nc2 50. Bf7 Kd4 51. Bxg6 Na3 52. h5 Kc3 53. g4
b3 54. g5 b2 55. h6 Rg8 56. h7 Rh8 57. Bf5 1-0

[Event "Hilton Open 2011"]
[Site "Basel"]
[Date "2011.01.05"]
[Round "7"]
[White "Seitz, Benjamin"]
[Black "Bender, Dirk"]
[Result "1/2-1/2"]
[WhiteElo "2084"]
[BlackElo "2112"]
[PlyCount "119"]
[EventDate "2011.01.??"]
[EventType "swiss"]
[EventRounds "7"]
[EventCategory "1"]
[SourceDate "2011.01.02"]

1. d4 c5 2. d5 e6 3. e4 d6 4. c4 exd5 5. exd5 g6 6. Bd3 Bg7 7. Ne2 Nf6 8. Nbc3
O-O 9. O-O Re8 10. Bg5 Nbd7 11. f4 Qc7 12. Qd2 b6 13. Rae1 Ba6 14. a4 Ng4 15.
b3 f5 16. h3 Nh6 17. g4 fxg4 18. Bxh6 Bxh6 19. hxg4 Ne5 20. g5 Nxd3 21. Qxd3
Bg7 22. Ng3 Bd4+ 23. Kg2 Rxe1 24. Rxe1 Qf7 25. Re4 Rf8 26. Nce2 Qxd5 27. Nxd4
cxd4 28. Qxd4 Qf7 29. Kh2 Bb7 30. Re2 Qxf4 31. Qxf4 Rxf4 32. Re7 Rf7 33. Re8+
Kg7 34. Rd8 Rf2+ 35. Kg1 Rg2+ 36. Kf1 Rxg3 37. Rd7+ Kg8 38. Rxb7 Rxb3 39. Rxa7
Rb4 40. Rb7 Rxa4 41. Rxb6 Rxc4 42. Rxd6 Rf4+ 43. Ke2 Rf5 44. Rd8+ Kg7 45. Rd7+
Kg8 46. Rd8+ Kf7 47. Rd7+ Ke6 48. Rxh7 Rxg5 49. Kf3 Kf6 50. Ra7 Rg1 51. Ra5 g5
52. Kf2 Rb1 53. Kg3 Rb4 54. Ra8 Rb3+ 55. Kg4 Rb4+ 56. Kg3 Kg6 57. Rg8+ Kf5 58.
Rf8+ Kg6 59. Rg8+ Kf6 60. Ra8 1/2-1/2